Normal view
MARC view
Entry Personal Name
001 - CONTROL NUMBER
- control field: 23204
003 - CONTROL NUMBER IDENTIFIER
- control field: dpl
005 - DATE AND TIME OF LATEST TRANSACTION
- control field: 20101008132316.0
008 - FIXED-LENGTH DATA ELEMENTS
- fixed length control field: 101008|||a|||||| | ||| d
040 ## - CATALOGING SOURCE
- Original cataloging agency: dpl
- Transcribing agency: dpl
100 ## - HEADING--PERSONAL NAME
- Personal name: पुराणिक, आलोक
670 ## - SOURCE DATA FOUND
- Source citation: Work cat.: (dpl)36066: पुराणिक, आलोक, नेता बनाम आलू /, 2010
670 ## - SOURCE DATA FOUND
- Source citation: Work cat.: (dpl)36066: पुराणिक, आलोक, नेता बनाम आलू /, 2010
